[Event "Sao Jose dos Campos op"]
[Site "Sao Jose dos Campos"]
[Date "2021.10.09"]
[Round "1"]
[White "Ribeiro, Matheus Cavalcante"]
[Black "De Jesus, Joao Pedro Mendez"]
[Result "1-0"]
[WhiteElo "2177"]
[BlackElo "1600"]
[PlyCount "147"]
[EventDate "2021.10.09"]
[EventType "swiss"]
[EventRounds "7"]
[EventCountry "BRA"]
[SourceTitle "CBM 204 Extra"]
[Source "ChessBase"]
[SourceDate "2021.11.30"]
[SourceVersion "1"]
[SourceVersionDate "2021.11.30"]
[SourceQuality "1"]

1. c4 Nf6 2. Nc3 d5 3. cxd5 Nxd5 4. g3 g6 5. Bg2 Nb6 6. d4 Bg7 7. Nf3 0-0 8. 0-0 Nc6 9. d5 Na5 10. e4 c6 11. Nd4 e6 12. Nb3 Nxb3 13. Qxb3 exd5 14. exd5 Bd7 15. Be3 Nxd5 16. Nxd5 cxd5 17. Qxb7 Be6 18. Rad1 Rb8 19. Qxa7 Ra8 20. Qc5 Rxa2 21. Bxd5 Bxd5 22. Rxd5 Qb8 23. b4 Rb2 24. Rfd1 Rxb4 25. Bf4 Rxf4 26. gxf4 Qxf4 27. Qe3 Qxe3 28. fxe3 Re8 29. Kf2 Be5 30. h3 Kg7 31. Rd7 Bf6 32. Rb7 Re7 33. Rb6 Bg5 34. Rd3 Kh6 35. Kf3 f5 36. Rb4 Kh5 37. Rb1 Re4 38. Rb7 h6 39. Rb1 Rh4 40. Rh1 Re4 41. Rh2 Re6 42. Re2 Bh4 43. Rd5 Re4 44. Rd4 Re6 45. e4 fxe4+ 46. Rexe4 Rxe4 47. Rxe4 Bf6 48. Rf4 Bg5 49. Rg4 Be7 50. Ke4 Bd6 51. Kd5 Be7 52. Ke6 Bg5 53. Kf7 Bd2 54. Rxg6 Kh4 55. Rd6 Bg5 56. Rd3 Bc1 57. Kg6 Bg5 58. Kf5 Bc1 59. Rf3 Bd2 60. Ke4 h5 61. Kd3 Be1 62. Rf1 Ba5 63. Rh1 Kg3 64. Ke4 Kg2 65. Ra1 Bd8 66. Ra3 Bh4 67. Kf4 Kh2 68. Ra5 Bg3+ 69. Kf3 h4 70. Kg4 Kg2 71. Ra2+ Bf2 72. Rxf2+ Kxf2 73. Kxh4 Kf3 74. Kg5 1-0

[Event "Titled Tuesday intern op 12th May"]
[Site "Chess.com INT"]
[Date "2020.05.12"]
[Round "3"]
[White "Le Ruyet, Leopold"]
[Black "Ribeiro, Matheus Cavalcante"]
[Result "1-0"]
[WhiteElo "2245"]
[BlackElo "2184"]
[PlyCount "89"]
[EventDate "2020.05.12"]
[EventType "swiss (blitz)"]
[EventRounds "10"]
[EventCountry "USA"]
[SourceTitle "EXT 2021"]
[Source "ChessBase"]
[SourceDate "2020.10.23"]
[SourceVersion "1"]
[SourceVersionDate "2020.10.23"]
[SourceQuality "1"]

1. Nf3 d5 2. g3 e6 3. Bg2 Nf6 4. 0-0 Be7 5. d3 0-0 6. a3 c5 7. Nc3 Nc6 8. Bf4 Bd6 9. Bg5 h6 10. Bxf6 Qxf6 11. e4 d4 12. Nb5 e5 13. a4 a6 14. Na3 Bg4 15. h3 Bh5 16. Nc4 Bc7 17. g4 Bg6 18. Ne1 Qe6 19. Bh1 b5 20. Nd2 Rfb8 21. Ng2 c4 22. f4 exf4 23. Nxf4 Bxf4 24. Rxf4 Qd6 25. Qf1 cxd3 26. e5 Qxe5 27. Bxc6 Ra7 28. cxd3 Rc7 29. Be4 Rc2 30. Rd1 bxa4 31. Bxg6 fxg6 32. Nc4 Qg5 33. Qf3 Re8 34. Re4 Rf8 35. Qg3 Rc1 36. Rxc1 Qxc1+ 37. Re1 Qc2 38. Rf1 Rxf1+ 39. Kxf1 Qd1+ 40. Kf2 Qc2+ 41. Ke1 Qc1+ 42. Ke2 Qc2+ 43. Kf1 Qd1+ 44. Kg2 Qd2+ 45. Nxd2 1-0

[Event "Titled Tuesday intern op 5th May"]
[Site "Chess.com INT"]
[Date "2020.05.05"]
[Round "4"]
[White "Musovic, Armin"]
[Black "Ribeiro, Matheus Cavalcante"]
[Result "1-0"]
[WhiteElo "2219"]
[BlackElo "2184"]
[PlyCount "77"]
[EventDate "2020.05.05"]
[EventType "swiss (blitz)"]
[EventRounds "10"]
[EventCountry "USA"]
[SourceTitle "EXT 2021"]
[Source "ChessBase"]
[SourceDate "2020.10.23"]
[SourceVersion "1"]
[SourceVersionDate "2020.10.23"]
[SourceQuality "1"]

1. a3 d5 2. Nc3 e5 3. d4 e4 4. Bf4 Nf6 5. Nb5 Na6 6. c4 c6 7. Nc3 Bd6 8. Bxd6 Qxd6 9. e3 0-0 10. h3 Nc7 11. cxd5 cxd5 12. Nge2 a6 13. Nf4 Ne6 14. Nh5 Nc7 15. Rc1 Nxh5 16. Qxh5 f5 17. g3 Be6 18. Be2 h6 19. Qh4 Rac8 20. Qf4 Qe7 21. Kd2 b5 22. Qe5 Rfd8 23. g4 Qf7 24. gxf5 Qxf5 25. Qxf5 Bxf5 26. h4 Kf7 27. Na2 Ne8 28. Rxc8 Rxc8 29. Nb4 Nc7 30. Rc1 Be6 31. Rc6 Ke7 32. Nxa6 Nxa6 33. Rxa6 g5 34. hxg5 hxg5 35. Ra7+ Kf6 36. Bxb5 Rf8 37. b4 Kg6 38. Ke1 g4 39. Bd7 1-0

[Event "Titled Tuesday intern op 5th May"]
[Site "Chess.com INT"]
[Date "2020.05.05"]
[Round "8"]
[White "Ribeiro, Matheus Cavalcante"]
[Black "Badelka, Olga"]
[Result "1-0"]
[WhiteElo "2184"]
[BlackElo "2427"]
[PlyCount "117"]
[EventDate "2020.05.05"]
[EventType "swiss (blitz)"]
[EventRounds "10"]
[EventCountry "USA"]
[SourceTitle "EXT 2021"]
[Source "ChessBase"]
[SourceDate "2020.10.23"]
[SourceVersion "1"]
[SourceVersionDate "2020.10.23"]
[SourceQuality "1"]

1. c4 c5 2. g3 Nc6 3. Bg2 g6 4. Nf3 Bg7 5. 0-0 d6 6. Nc3 e6 7. e3 Nge7 8. d4 cxd4 9. exd4 0-0 10. Bg5 h6 11. Bxe7 Qxe7 12. Re1 Qd8 13. Rc1 a6 14. d5 exd5 15. Qxd5 Be6 16. Qd3 Rc8 17. b3 Bf5 18. Qd2 Rb8 19. Nd5 Ne5 20. Nxe5 dxe5 21. Rcd1 Be6 22. Ne3 Qb6 23. Nd5 Qc5 24. Qe3 Qa3 25. Rd2 Rfd8 26. Red1 Kh7 27. h4 b5 28. Nc7 Rxd2 29. Qxd2 Bf5 30. Nd5 bxc4 31. bxc4 Rb2 32. Qe3 Qxa2 33. c5 Rb1 34. Rxb1 Qxb1+ 35. Kh2 a5 36. c6 Qc2 37. Qc3 Qxc3 38. Nxc3 Bf8 39. c7 Bd6 40. Nb5 Bxc7 41. Nxc7 g5 42. hxg5 hxg5 43. Bd5 Kg6 44. Nb5 Bd3 45. Nc3 f5 46. Kg2 Kf6 47. Ba2 e4 48. f3 Ke5 49. fxe4 fxe4 50. Kf2 Kd4 51. Ne2+ Kc5 52. Ke3 a4 53. Nc3 Kb4 54. Nxe4 Bxe4 55. Kxe4 Ka3 56. Be6 Kb2 57. Kf5 a3 58. Kxg5 a2 59. Bxa2 1-0

[Event "Titled Tuesday intern op 28th Apr"]
[Site "Chess.com INT"]
[Date "2020.04.28"]
[Round "2"]
[White "Kowalczyk, Pawel"]
[Black "Ribeiro, Matheus Cavalcante"]
[Result "1-0"]
[WhiteElo "2340"]
[BlackElo "2184"]
[PlyCount "73"]
[EventDate "2020.04.28"]
[EventType "swiss (blitz)"]
[EventRounds "10"]
[EventCountry "USA"]
[SourceTitle "EXT 2021"]
[Source "ChessBase"]
[SourceDate "2020.10.23"]
[SourceVersion "1"]
[SourceVersionDate "2020.10.23"]
[SourceQuality "1"]

1. e4 c5 2. Ne2 Nc6 3. g3 Nf6 4. Bg2 g6 5. 0-0 Bg7 6. c3 0-0 7. d4 cxd4 8. cxd4 d6 9. h3 Re8 10. Nbc3 Bd7 11. Be3 Rc8 12. Qd2 a6 13. f4 e5 14. fxe5 dxe5 15. d5 Na5 16. b3 b5 17. Rae1 Nb7 18. Bg5 Qb6+ 19. Kh2 Nh5 20. Nd1 Nc5 21. g4 Nf4 22. Nxf4 exf4 23. Bxf4 Be5 24. Bxe5 Rxe5 25. Qf4 Re7 26. d6 Ne6 27. Qg3 Ree8 28. Ne3 Rc3 29. Nd5 Rxg3 30. Nxb6 Rxg2+ 31. Kxg2 Bc6 32. Kg3 Nc5 33. e5 Ne4+ 34. Rxe4 Bxe4 35. d7 Rd8 36. Rc1 Kf8 37. Kf4 1-0

[Event "Titled Tuesday intern op 28th Apr"]
[Site "Chess.com INT"]
[Date "2020.04.28"]
[Round "4"]
[White "Ribeiro, Matheus Cavalcante"]
[Black "Dukic, Zachary"]
[Result "0-1"]
[WhiteElo "2184"]
[BlackElo "2149"]
[PlyCount "94"]
[EventDate "2020.04.28"]
[EventType "swiss (blitz)"]
[EventRounds "10"]
[EventCountry "USA"]
[SourceTitle "EXT 2021"]
[Source "ChessBase"]
[SourceDate "2020.10.23"]
[SourceVersion "1"]
[SourceVersionDate "2020.10.23"]
[SourceQuality "1"]

1. c4 g6 2. Nc3 Bg7 3. d4 Nf6 4. e4 d6 5. h3 0-0 6. Be3 e5 7. d5 Na6 8. g4 Nc5 9. f3 c6 10. Nge2 cxd5 11. cxd5 h5 12. Qd2 Nh7 13. Ng3 h4 14. Nge2 Bf6 15. Bg2 Bg5 16. 0-0 Bxe3+ 17. Qxe3 Qg5 18. f4 exf4 19. Nxf4 Qe5 20. Rf2 Ng5 21. Raf1 Kg7 22. Nb5 Bd7 23. Nxd6 Qxd6 24. Nh5+ gxh5 25. Qxg5+ Qg6 26. Qe5+ Kg8 27. Rf6 Qh7 28. Qg5+ Qg7 29. Qxh5 Rae8 30. Qxh4 Nxe4 31. Rh6 Ng5 32. Rh5 f6 33. d6 Bc6 34. Bxc6 bxc6 35. Rh6 Re6 36. Qh5 f5 37. Rxe6 Nxe6 38. Rxf5 Qd4+ 39. Kh2 Qxd6+ 40. Kg1 Ng7 41. Rg5 Qd1+ 42. Kg2 Qf1+ 43. Kh2 Qf2+ 44. Kh1 Qe1+ 45. Kg2 Rf2+ 46. Kg3 Re2+ 47. Kf4 Qf2# 0-1

[Event "Titled Tuesday intern op 7th April"]
[Site "Chess.com INT"]
[Date "2020.04.07"]
[Round "8"]
[White "Ribeiro, Matheus Cavalcante"]
[Black "Gunduz, Umut Erdem"]
[Result "0-1"]
[WhiteElo "2184"]
[BlackElo "2137"]
[PlyCount "70"]
[EventDate "2020.04.07"]
[EventType "swiss (blitz)"]
[EventRounds "10"]
[EventCountry "USA"]
[SourceTitle "EXT 2021"]
[Source "ChessBase"]
[SourceDate "2020.10.23"]
[SourceVersion "1"]
[SourceVersionDate "2020.10.23"]
[SourceQuality "1"]

1. c4 c5 2. g3 g6 3. Bg2 Bg7 4. Nf3 Nc6 5. 0-0 Nh6 6. Nc3 Nf5 7. d3 0-0 8. Bf4 a6 9. Qd2 d6 10. Qc1 Rb8 11. a4 Ncd4 12. Nxd4 Nxd4 13. Qd1 Bd7 14. Rb1 b5 15. axb5 axb5 16. cxb5 Nxb5 17. Nxb5 Rxb5 18. Bd2 Rxb2 19. Rxb2 Bxb2 20. Qb3 Bf6 21. Rb1 h5 22. Qb7 Be6 23. Bd5 Bxd5 24. Qxd5 Qa8 25. Rb7 Qa1+ 26. Kg2 Qd1 27. Bh6 Rd8 28. Qe4 d5 29. Qe3 d4 30. Qe4 Qa4 31. Rxe7 Bxe7 32. Qxe7 Qc6+ 33. f3 Re8 34. Qg5 Rxe2+ 35. Kf1 Qxf3+ 0-1

[Event "Titled Tuesday intern op 7th April"]
[Site "Chess.com INT"]
[Date "2020.04.07"]
[Round "4"]
[White "Ribeiro, Matheus Cavalcante"]
[Black "Wiewiora, Eneasz"]
[Result "0-1"]
[WhiteElo "2184"]
[BlackElo "2346"]
[PlyCount "80"]
[EventDate "2020.04.07"]
[EventType "swiss (blitz)"]
[EventRounds "10"]
[EventCountry "USA"]
[SourceTitle "EXT 2021"]
[Source "ChessBase"]
[SourceDate "2020.10.23"]
[SourceVersion "1"]
[SourceVersionDate "2020.10.23"]
[SourceQuality "1"]

1. c4 g6 2. Nc3 Bg7 3. d4 d6 4. e4 e5 5. Nf3 exd4 6. Nxd4 Ne7 7. Be2 Nbc6 8. Be3 0-0 9. 0-0 f5 10. exf5 Bxd4 11. Bxd4 Nxf5 12. Be3 Nxe3 13. fxe3 Rxf1+ 14. Bxf1 Be6 15. Nd5 Ne5 16. Be2 c6 17. Nf4 Qe7 18. Qd4 Bf5 19. Rd1 Nf7 20. Bf3 a5 21. e4 Be6 22. Nd3 c5 23. Qc3 Ng5 24. Rf1 Rf8 25. Ne1 Qg7 26. Qxg7+ Kxg7 27. b3 b6 28. Nc2 Nf7 29. Rd1 Rd8 30. Kf2 Kf6 31. Ke3 Ne5 32. Ne1 g5 33. h3 Ke7 34. Nd3 Nc6 35. Nf2 Ne5 36. Ng4 Bxg4 37. hxg4 a4 38. bxa4 Ra8 39. Rb1 Rxa4 40. Rxb6 Nxc4+ 0-1

[Event "Florianopolis zt 2.4"]
[Site "Florianopolis"]
[Date "2017.04.28"]
[Round "4"]
[White "Ribeiro, Matheus Cavalcante"]
[Black "De Haro, Martim Alfonso"]
[Result "1-0"]
[WhiteElo "2157"]
[BlackElo "1925"]
[PlyCount "45"]
[EventDate "2017.04.26"]
[EventType "swiss"]
[EventRounds "9"]
[EventCountry "BRA"]
[SourceTitle "CBM 178 Extra"]
[Source "ChessBase"]
[SourceDate "2017.06.22"]
[SourceVersion "1"]
[SourceVersionDate "2017.06.22"]
[SourceQuality "1"]

1. e4 e5 2. Nf3 Nc6 3. Bb5 Nge7 4. 0-0 g6 5. c3 a6 6. Bc4 Bg7 7. d4 exd4 8. cxd4 0-0 9. Nc3 b5 10. Bb3 Na5 11. Bg5 h6 12. Bh4 Nxb3 13. Qxb3 g5 14. Bg3 d6 15. Rfd1 Nc6 16. d5 Ne7 17. Nd4 Bxd4 18. Rxd4 f5 19. f4 fxe4 20. Rxe4 Ng6 21. fxg5 Qxg5 22. Rae1 Bf5 23. R4e3 1-0

[Event "Florianopolis zt 2.4"]
[Site "Florianopolis"]
[Date "2017.04.26"]
[Round "1"]
[White "Gomes, Marco Tulio Caldeir"]
[Black "Ribeiro, Matheus Cavalcante"]
[Result "0-1"]
[WhiteElo "1759"]
[BlackElo "2157"]
[PlyCount "64"]
[EventDate "2017.04.26"]
[EventType "swiss"]
[EventRounds "9"]
[EventCountry "BRA"]
[SourceTitle "CBM 178 Extra"]
[Source "ChessBase"]
[SourceDate "2017.06.22"]
[SourceVersion "1"]
[SourceVersionDate "2017.06.22"]
[SourceQuality "1"]

1. c4 c5 2. Nf3 Nf6 3. Nc3 d5 4. cxd5 Nxd5 5. g3 g6 6. Bg2 Bg7 7. Qb3 Nc7 8. 0-0 0-0 9. d3 Nc6 10. Ne4 b6 11. Bd2 Be6 12. Qc2 Nb5 13. Nc3 Nbd4 14. Qa4 b5 15. Qd1 Rc8 16. Nxd4 Nxd4 17. e3 Nc6 18. Qe2 b4 19. Nd1 Ne5 20. a3 Nxd3 21. axb4 Bc4 22. Rxa7 Nxf2 23. Qe1 Nd3 24. Qe2 cxb4 25. Be4 Ne5 26. Qe1 f5 27. Bg2 Bxf1 28. Kxf1 Qd3+ 29. Qe2 Rfd8 30. Qxd3 Rxd3 31. Ke2 Rc2 32. Ra8+ Kf7 0-1

[Event "Joao Pessoa Fischer Memorial 8th"]
[Site "Joao Pessoa"]
[Date "2017.03.19"]
[Round "6"]
[White "Santos, Rafael Ventura Dos"]
[Black "Ribeiro, Matheus Cavalcante"]
[Result "1/2-1/2"]
[WhiteElo "2211"]
[BlackElo "2142"]
[PlyCount "122"]
[EventDate "2017.03.17"]
[EventType "swiss"]
[EventRounds "6"]
[EventCountry "BRA"]
[SourceTitle "EXT 2018"]
[Source "ChessBase"]
[SourceDate "2017.10.13"]
[SourceVersion "1"]
[SourceVersionDate "2017.10.13"]
[SourceQuality "1"]

1. e4 e5 2. Nf3 Nc6 3. Bb5 a6 4. Ba4 Nf6 5. 0-0 Be7 6. Re1 b5 7. Bb3 0-0 8. a4 b4 9. a5 d5 10. exd5 Nxd5 11. Nxe5 Nxe5 12. Rxe5 Nf6 13. h3 Bd6 14. Re1 Ng4 15. Qf3 Qh4 16. d4 Nxf2 17. Qxf2 Bh2+ 18. Kf1 Bg3 19. Qe2 Bxh3 20. gxh3 Rae8 21. Be3 Bxe1 22. Qxe1 Qxh3+ 23. Kf2 Qh4+ 24. Kf1 Qh1+ 25. Kf2 Qxe1+ 26. Kxe1 Rxe3+ 27. Kf2 Rfe8 28. Bc4 R3e4 29. Nd2 Rxd4 30. Bd3 Re6 31. Nf3 Rdd6 32. Rh1 h6 33. Rh4 c5 34. Rc4 Rd5 35. Rf4 g5 36. Rg4 b3 37. Rc4 Rf6 38. Be4 Rd1 39. Kg3 bxc2 40. Bxc2 Rf1 41. Rc3 c4 42. Kg2 Ra1 43. Rxc4 Rxa5 44. b4 Ra2 45. Kg3 Ra3 46. Be4 h5 47. Kg2 Rf4 48. Bd5 Rf5 49. Be4 Ra2+ 50. Kg3 Rf4 51. Kh3 g4+ 52. Kg3 Rxf3+ 53. Bxf3 Ra3 54. Kh4 Rxf3 55. Kxh5 f5 56. Rc6 g3 57. Rxa6 f4 58. Kg4 g2 59. Rg6+ Kf7 60. Kxf3 Kxg6 61. Kxg2 Kf5 1/2-1/2

[Event "Joao Pessoa Fischer Memorial 8th"]
[Site "Joao Pessoa"]
[Date "2017.03.18"]
[Round "3"]
[White "Ribeiro, Matheus Cavalcante"]
[Black "Pereira, Silvio Cunha"]
[Result "0-1"]
[WhiteElo "2142"]
[BlackElo "2258"]
[PlyCount "110"]
[EventDate "2017.03.17"]
[EventType "swiss"]
[EventRounds "6"]
[EventCountry "BRA"]
[SourceTitle "CBM 177 Extra"]
[Source "ChessBase"]
[SourceDate "2017.04.27"]
[SourceVersion "1"]
[SourceVersionDate "2017.04.27"]
[SourceQuality "1"]

1. e4 e5 2. Nf3 Nc6 3. Bc4 Bc5 4. c3 Bb6 5. d4 Qe7 6. Bg5 Nf6 7. d5 Nd8 8. d6 cxd6 9. Na3 a6 10. Nc2 d5 11. Bxd5 d6 12. Qd2 h6 13. Be3 Bc7 14. h3 Nxd5 15. exd5 f5 16. 0-0-0 0-0 17. Rhe1 Qf6 18. g3 b5 19. Nxe5 dxe5 20. d6 Qxd6 21. Qxd6 Bxd6 22. Rxd6 Nf7 23. Rb6 Rd8 24. Nb4 Rd6 25. Nd5 Rxb6 26. Bxb6 e4 27. Bd4 Ng5 28. Rd1 Kf7 29. Nc7 Rb8 30. Be5 Rb6 31. Rd8 Be6 32. h4 Nf3 33. Bd6 Ne1 34. Rf8+ Kg6 35. h5+ Kxh5 36. Nxe6 Nd3+ 37. Kc2 Rxd6 38. Nxg7+ Kg6 39. Nxf5 Rd7 40. Nd4 b4 41. Ne2 bxc3 42. Nxc3 Ne1+ 43. Kc1 Nd3+ 44. Kb1 Re7 45. Nd5 Rf7 46. Ra8 Rxf2 47. Rxa6+ Kg5 48. Rb6 Rf5 49. Nc3 e3 50. Kc2 Nc5 51. Rb5 Kg4 52. a4 Rf2+ 53. Kb1 Nd3 54. Rd5 Rf1+ 55. Ka2 Nb4+ 0-1

[Event "Florianopolis op 3rd"]
[Site "Florianopolis"]
[Date "2017.01.24"]
[Round "7"]
[White "Chaves, Jorge Antonio Torre"]
[Black "Ribeiro, Matheus Cavalcante"]
[Result "0-1"]
[WhiteElo "1927"]
[BlackElo "2149"]
[PlyCount "74"]
[EventDate "2017.01.20"]
[EventType "swiss"]
[EventRounds "10"]
[EventCountry "BRA"]
[SourceTitle "CBM 176 Extra"]
[Source "ChessBase"]
[SourceDate "2017.03.02"]
[SourceVersion "1"]
[SourceVersionDate "2017.03.02"]
[SourceQuality "1"]

1. d4 Nf6 2. c4 g6 3. Nc3 d5 4. cxd5 Nxd5 5. Bd2 Bg7 6. e4 Nb6 7. Be3 0-0 8. Qd2 e5 9. d5 c6 10. 0-0-0 cxd5 11. exd5 N8d7 12. h4 h5 13. g4 Nf6 14. gxh5 Nxh5 15. Be2 Bf5 16. Nh3 Rc8 17. Ng5 Na4 18. Rdg1 Nf4 19. Bb5 Nxc3 20. bxc3 Qa5 21. a4 Rxc3+ 22. Kd1 Qb4 23. Bxf4 exf4 24. Ke1 Rc1+ 25. Ke2 Rc2 26. Qxc2 Bxc2 27. h5 Bxa4 28. Bxa4 Qxa4 29. h6 Qc4+ 30. Kf3 Qxd5+ 31. Kg4 f5+ 32. Kh4 Bxh6 33. Rh3 Kg7 34. Rc3 Bxg5+ 35. Kxg5 Qd8+ 36. Kxf4 Qd4+ 37. Kg5 Qxc3 0-1

[Event "Barbalha Aderson Borges Memorial 10th"]
[Site "Barbalha"]
[Date "2015.09.20"]
[Round "3.2"]
[White "Ribeiro, Matheus Cavalcante"]
[Black "Lemos, Dawton Almino"]
[Result "0-1"]
[WhiteElo "2162"]
[BlackElo "2213"]
[PlyCount "132"]
[EventDate "2015.09.20"]
[EventType "swiss"]
[EventRounds "5"]
[EventCountry "BRA"]
[SourceTitle "EXT 2022"]
[Source "ChessBase"]
[SourceDate "2021.10.06"]
[SourceVersion "1"]
[SourceVersionDate "2021.10.06"]
[SourceQuality "1"]

1. Nf3 Nf6 2. c4 g6 3. g3 Bg7 4. Bg2 0-0 5. 0-0 d6 6. Nc3 e5 7. d3 Ne8 8. Qc2 Nc6 9. a3 a5 10. Rb1 Bg4 11. e3 Qd7 12. b4 axb4 13. axb4 Bh3 14. b5 Ne7 15. Bd2 Bxg2 16. Kxg2 f5 17. Nd5 h6 18. h4 Qe6 19. Nxe7+ Qxe7 20. e4 f4 21. b6 c5 22. Ra1 Rb8 23. Qd1 Qd8 24. Ba5 Qd7 25. Bc3 Nf6 26. Qa4 Qe6 27. Qd1 Rf7 28. Nh2 Nd7 29. Ba5 h5 30. Nf3 Bh6 31. Qe2 Rbf8 32. Rab1 Qg4 33. Rb2 Qe6 34. Bd2 Qg4 35. Ba5 Nb8 36. Bd2 Nc6 37. Ra2 Nd8 38. Qd1 fxg3 39. fxg3 Bxd2 40. Rxd2 Ne6 41. Nh2 Nf4+ 42. Kh1 Qxg3 43. Qe1 Qxe1 44. Rxe1 Ne6 45. Kg2 Nd4 46. Kg3 Rf4 47. Ra2 Nf3 48. Rf1 Nxh2 49. Rxf4 Rxf4 50. Rxh2 Rf1 51. Rb2 Rd1 52. Rb3 Kf7 53. Kf3 Kf6 54. Ke2 Rh1 55. Kd2 g5 56. hxg5+ Kxg5 57. Kc2 Ra1 58. d4 Kg4 59. dxc5 dxc5 60. Rb5 h4 61. Kb2 Re1 62. Rxc5 h3 63. Rc7 h2 64. Rxb7 h1Q 65. Rg7+ Kf4 66. Kc3 Rb1 0-1

[Event "Cearense-ch"]
[Site "Fortaleza"]
[Date "2014.11.16"]
[Round "5"]
[White "Ribeiro, Matheus Cavalcante"]
[Black "Lima Neto, Pedro"]
[Result "1/2-1/2"]
[WhiteElo "2184"]
[BlackElo "2081"]
[PlyCount "50"]
[EventDate "2014.11.13"]
[EventType "swiss"]
[EventRounds "6"]
[EventCountry "BRA"]
[SourceTitle "EXT 2022"]
[Source "ChessBase"]
[SourceDate "2021.10.06"]
[SourceVersion "1"]
[SourceVersionDate "2021.10.06"]
[SourceQuality "1"]

1. e4 c5 2. Nf3 d6 3. d4 cxd4 4. Nxd4 Nf6 5. Nc3 a6 6. Bg5 e6 7. f4 Be7 8. Qf3 Qc7 9. 0-0-0 Nbd7 10. g4 h6 11. Bxf6 Bxf6 12. h4 Nb6 13. g5 Bxd4 14. Rxd4 Bd7 15. a4 Bc6 16. Bh3 hxg5 17. hxg5 0-0-0 18. Rhd1 Kb8 19. a5 Nc8 20. b4 Ne7 21. f5 exf5 22. Bxf5 Nxf5 23. Qxf5 Bd7 24. Nd5 Bxf5 25. Nxc7 Kxc7 1/2-1/2

[Event "Cearense-ch"]
[Site "Fortaleza"]
[Date "2014.11.15"]
[Round "3"]
[White "Ribeiro, Matheus Cavalcante"]
[Black "Lima Filho, Gilberto Faco"]
[Result "1-0"]
[WhiteElo "2184"]
[BlackElo "2028"]
[PlyCount "64"]
[EventDate "2014.11.13"]
[EventType "swiss"]
[EventRounds "6"]
[EventCountry "BRA"]
[SourceTitle "EXT 2022"]
[Source "ChessBase"]
[SourceDate "2021.10.06"]
[SourceVersion "1"]
[SourceVersionDate "2021.10.06"]
[SourceQuality "1"]

1. e4 Nc6 2. d4 d5 3. Nc3 dxe4 4. d5 Ne5 5. Qd4 Ng6 6. Bb5+ Bd7 7. Nge2 Nf6 8. Bg5 a6 9. Bxd7+ Qxd7 10. 0-0-0 h6 11. Bxf6 exf6 12. Qxe4+ Be7 13. d6 cxd6 14. Nd5 Qd8 15. Nd4 0-0 16. Nf5 Re8 17. Qg4 Bf8 18. f4 Kh7 19. h4 Qa5 20. Kb1 Re4 21. h5 Ne5 22. Qh3 Nc4 23. Qd3 Rae8 24. Ng3 Qb5 25. b3 Na3+ 26. Kb2 Qxd3 27. Rxd3 Nb5 28. Nxe4 Rxe4 29. Re3 f5 30. Rhe1 Rxe3 31. Rxe3 Nd4 32. Re8 Ne6 1-0